Účtovná závierka poisťovne - príklad

V tomto príspevku autorka uvádza na príklade poisťovne Adonis, a.s., vybrané skutočnosti týkajúce sa buď priamo charakteristickej činnosti poisťovní - poistenia a zaistenia, alebo ostatných činností a ich dopad na vybrané položky výkazov.

Gespeichert in:
Bibliographische Detailangaben
1. Verfasser: Juhászová, Zuzana, 1970-
Format: Buchkapitel
Sprache:Slowakisch
Schlagworte:
Tags: Tag hinzufügen
Keine Tags, Fügen Sie das erste Tag hinzu!

MARC

LEADER 00000naa$a2200000$$$4500
001 0004808
005 20240502071348.5
041 0 |a slo 
044 |a SK 
245 1 0 |a Účtovná závierka poisťovne - príklad  |c aut. Zuzana Juhászová 
520 |a V tomto príspevku autorka uvádza na príklade poisťovne Adonis, a.s., vybrané skutočnosti týkajúce sa buď priamo charakteristickej činnosti poisťovní - poistenia a zaistenia, alebo ostatných činností a ich dopad na vybrané položky výkazov. 
610 2 0 |a závierka účtovná 
610 2 0 |a poisťovne 
610 2 0 |a poistenie 
610 2 0 |a zaistenie 
610 2 0 |a Adonis, a.s. 
100 1 |a Juhászová, Zuzana, 1970-